000 00416nam a2200181Ia 4500
001 1940
005 20260306143805.0
008 260306t2018||||xx |||||||||||||| ||spa||
041 _aESP
082 _a158.2
_bH22
100 _aHarvard Business Review Press
_eAUT
245 0 _aEmpatía
260 _c2018
300 _aix, 143 páginas :
_c18 cm.
650 _aGEN
654 _aCPS
942 _cLIB
_dJUS
_fJUS
_2ddc
_n
999 _c1940
_d1940